00397nam a2200145Ia 4500008004100000020001800041041000800059082001900067100004600086245004200132250000600174260003200180300001200212650002700224210716s2012 xx 000 0 und d a9780749466138 aeng a651.73014 TALF aTalbot, Fiona; Bhattacharjee, Sudakshina. aImprove your global business english. a1 aNew DelhibKogan Pagec2012 axii,238 aBusiness Communication